000 nam a22 7a 4500
999 _c54828
_d54828
003 OSt
005 20220805154755.0
008 220805b xxu||||| |||| 00| 0 eng d
040 _cIIMT UNIVERSITY
100 _aANTHONY, ROBERT.N
245 _aMANAGEMENT CONTROL SYSTEMS
260 _aNEW DELHI
_bIRWIN TOPPAN
_c1984
300 _a853
942 _2ddc
_c09